LEADER 01679nam 2200433 450 001 9910704542503321 005 20130501103915.0 035 $a(CKB)5470000002442281 035 $a(OCoLC)841369577 035 $a(EXLCZ)995470000002442281 100 $a20130501d2013 ua 0 101 0 $aeng 135 $aur||||||||||| 181 $ctxt$2rdacontent 182 $cc$2rdamedia 183 $acr$2rdacarrier 200 10$aNuclear material $enonproliferation : agreement between the United States of America and the Czech Republic, signed at Prague, September 17, 2007 210 1$a[Washington, D.C.] :$cU.S. Dept. of State,$d[2013?] 215 $a1 online resource (12 unnumbered pages) 225 1 $aTreaties and other international acts series ;$v07-917 300 $aTitle from title screen (viewed on May 1, 2013). 517 $aNuclear material 606 $aNuclear fuels$xLaw and legislation$zUnited States 606 $aNuclear fuels$xLaw and legislation$zCzech Republic 606 $aWeapons of mass destruction$xPrevention$xInternational cooperation 606 $aNuclear nonproliferation$xInternational cooperation 615 0$aNuclear fuels$xLaw and legislation 615 0$aNuclear fuels$xLaw and legislation 615 0$aWeapons of mass destruction$xPrevention$xInternational cooperation. 615 0$aNuclear nonproliferation$xInternational cooperation. 712 02$aUnited States.$f2007 September 17. 712 02$aCzech Republic, 712 02$aUnited States.$bDepartment of State, 801 0$bGPO 801 1$bGPO 906 $aBOOK 912 $a9910704542503321 996 $aNuclear material$93436243 997 $aUNINA LEADER 01410nam 2200361Ia 450 001 9910698029203321 005 20090223115217.0 035 $a(CKB)5470000002394713 035 $a(OCoLC)310361167 035 $a(EXLCZ)995470000002394713 100 $a20090223d2003 ua 0 101 0 $aeng 135 $aurmn||||||||| 181 $ctxt$2rdacontent 182 $cc$2rdamedia 183 $acr$2rdacarrier 200 10$aGuidelines for the certification, airworthiness, and operational approval of electronic flight bag computing devices$b[electronic resource] 210 1$a[Washington, D.C.] :$cU.S. Dept. of Transportation, Federal Aviation Administration,$d[2003] 215 $a1 volume (various pagings) $cdigital, PDF file 225 1 $aAdvisory circular ;$vAC no. 120-76A 300 $aTitle from PDF caption (viewed Feb 23, 2009). 300 $a"3/17/03." 300 $aAC 120-76, dated July 9, 2002, is cancelled. 606 $aAirplanes$xCockpits$xElectronic equipment 606 $aAirplanes$xPiloting$xComputer simulation 615 0$aAirplanes$xCockpits$xElectronic equipment. 615 0$aAirplanes$xPiloting$xComputer simulation. 801 0$bGPO 801 1$bGPO 906 $aBOOK 912 $a9910698029203321 996 $aGuidelines for the certification, airworthiness, and operational approval of electronic flight bag computing devices$93115182 997 $aUNINA